[Event "EU-Cup 24th"]
[Site "Kallithea"]
[Date "2008.10.19"]
[Round "3"]
[White "Volkov, Sergey"]
[Black "Zelcic, Robert"]
[Result "1-0"]
[WhiteElo "2632"]
[BlackElo "2589"]
[Annotator "Marin,M"]
[PlyCount "73"]
[EventDate "2008.10.17"]
[EventType "team-swiss"]
[EventRounds "7"]
[EventCountry "GRE"]
[SourceTitle "CBM 127"]
[Source "ChessBase"]
[SourceDate "2008.11.13"]
[SourceVersion "1"]
[SourceVersionDate "2008.11.13"]
[SourceQuality "1"]
[WhiteTeam "Saransk"]
[BlackTeam "Zagreb"]
[WhiteTeamCountry "RUS"]
[BlackTeamCountry "CRO"]

1. Nf3 Nf6 2. c4 e6 3. g3 a6 4. Bg2 b5 5. b3 c5 6. Nc3 {Black has chosen an
ambitious setup, fighting for space on the queenside, but slightly neglecting
his development.} b4 {A stratightforward way of solving the queenside problems.
Other moves have been tried, too, but none of them is without drawbacks.} (6...
Qa5 {places the queen on a rather unnatural square.} 7. O-O Bb7 8. e3 Be7 9.
Qe2 bxc4 10. bxc4 O-O 11. Rb1 Bc6 12. e4 {Akopian,V (2660)-Svidler,P (2686)/
Yerevan 2001/CBM 086/[Ribli] (1-0, 29)}) (6... bxc4 7. bxc4 {opens the b-file
at a moment when only White is ready to fight for it.} Bb7 8. Rb1 Bc6 9. O-O
Be7 10. Qc2 (10. Re1 d6 11. e4 {Jackelen,T (2454)-Nyback,T (2563)/Germany 2006/
CBM 112/[Ribli] (1/2, 52)}) 10... O-O $6 11. e4 Ra7 12. d4 cxd4 13. Nxd4 {
Kortschnoj,V (2645)-Tisdall,J (2510)/Copenhagen 1996/CBM 054/[Ribli] (1-0, 26)}
) (6... Qb6 {the queen is slightly exposed here, too.} 7. e3 Bb7 8. Qe2 $5 Bc6
({The drawbacks behind ...Qb6 can be seen after} 8... b4 9. Na4 {, when Black
has to lose a tempo.}) 9. O-O Be7 10. d4 O-O 11. Bb2 d6 12. d5 $1 {Khalifman,A
(2660)-Yemelin,V (2485)/St Petersburg 1998/CBM 065/[Ribli] (1-0, 43)}) 7. Na4
Bb7 8. O-O d6 {In view of the predictable break in the centre with d4, Black
hurries to increase the defence of the c5-square.} (8... Be7 {leaves him with
problems of development after} 9. d4 cxd4 (9... d6 10. dxc5 dxc5 11. Qxd8+ Kxd8
12. Ne5 Bxg2 13. Kxg2 Ke8 14. a3 $16) 10. Qxd4 $1 a5 (10... d6 11. Qb6 $1 {
[%csl Gb4,Gb7]} Qxb6 12. Nxb6 Ra7 13. a3 $16) 11. Bf4 d6 12. Qd3 $6 {Allowing 
(or overlooking?!) unnecessary tactics.} (12. Qd2 O-O 13. Rfd1 Ra6 14. a3 $14)
12... e5 13. Nxe5 (13. Bg5 e4) 13... Bxg2 14. Nxf7 Kxf7 15. Kxg2 Na6 16. Qf3
Rc8 17. Rad1 Qc7 18. Rd5 $44 {Psakhis,L (2565)-Conquest,S (2480)/Benasque 1998/
EXT 2002 (1/2, 29)}) 9. a3 a5 {[%csl Gb5]} 10. d4 Nbd7 (10... cxd4 {looks
playable, too.} 11. Nxd4 Bxg2 12. Kxg2 Be7 (12... Qc7 $6 {defines the queen's
intentions too early.} 13. Kg1 Be7 14. axb4 axb4 15. Bf4 e5 16. Nb5 Qc6 17. Bg5
Nbd7 18. Bxf6 Nxf6 19. Nb2 Rxa1 20. Qxa1 O-O 21. Nd3 $36 {Landenbergue,C (2405)
-Kaenel,H (2325)/Switzerland 1993/TD (1-0, 35)}) 13. axb4 axb4 14. Qd3 O-O 15.
Bb2 Ra6 16. Qf3 Qc8 17. e4 Nbd7 {Ekeberg,C (2365)-Zelcic,R (2554)/Pula 2007/
CBM 119 ext (0-1, 42). with an acceptable position for Black in an earlier
game of Zelcic, in which the pair of moves a3 and ...a5 had been played at a
slightly different moment.}) 11. dxc5 ({Harmonious development with} 11. Bb2
Be7 12. axb4 axb4 13. dxc5 dxc5 14. Ne5 {is also slightly unpleasant for Black.
} Bxg2 15. Kxg2 Nxe5 16. Qxd8+ $1 {White should not refrain from this exchange,
which spoils Black's coordination.} (16. Bxe5 O-O 17. Qxd8 Rfxd8 $1 18. Rad1
Ne4 $132 {Spangenberg,H (2490)-Shaked,T (2430)/Halle 1995/CBM 048 ext (1-0, 33)
}) 16... Rxd8 17. Bxe5 O-O 18. Kf3 $1 {[%csl Ge4][%cal Gg3g4]} h5 19. h3 {
[%cal Gg3g4]} Nd7 20. Bb2 f5 21. Rad1 Nf6 22. Bxf6 gxf6 23. h4 $14 {Wells,P 
(2504)-Large,P (2335)/Halifax 2004/EXT 2005 (1-0, 53)}) 11... dxc5 12. Bf4 {
White is better developed, but needs energetic play in order to justify the
placement of the knight on the edge of the board.} Be7 13. Ne5 (13. Qc1 $5 O-O
14. Rd1 {[%cal Gd1d8] Ribli}) 13... Bxg2 14. Kxg2 Ra6 15. Qd3 Qc8 $146 {
A logical novelty, aiming to neutralize White's pressure along the d-file.} (
15... g5 $6 {eventually worked out well once, but is not likely to be a
serious move. Black simply creates weaknesses for himself.} 16. Nxd7 Nxd7 17.
Bc1 Rd6 18. Qf3 O-O 19. axb4 (19. Bb2 f5 $1 $13 {Fridman,D (2529)-Lobron,E 
(2553)/Essen 1999/CBM 071/[Ribli] (1/2, 39). Ribli also analyses a couple of
alternatives for Black on the 15th move.}) 19... axb4 20. Be3 Ra6 (20... Qc8
21. Qh5 $40) 21. Rfd1 Qc8 22. h4 $5 (22. Rxd7 $5 Qxd7 23. Nxc5 Bxc5 24. Rxa6
Bxe3 25. fxe3 $16) 22... gxh4 23. Rxd7 Qxd7 24. Nxc5 Bxc5 25. Bh6 $3 Qc6 26.
Rxa6 Qxf3+ 27. Kxf3 Rd8 28. gxh4 $18) 16. Nxd7 Nxd7 (16... Qxd7 17. axb4 Qxd3
18. exd3 axb4 (18... cxb4 19. d4 $16) 19. Nxc5 $1 Ra3 $8 20. Rxa3 bxa3 21. Na6
Kd7 22. b4 $16) 17. Rfd1 {Black has to lose additional time before getting
castled.} e5 $6 {[%csl Rd5] The situation was not so bad for Black as to
justify such a weakening move.} ({It is true that after} 17... Nf6 {White
retains the better chances with} 18. Qf3 O-O 19. axb4 axb4 20. Ra2 Rd8 21.
Rxd8+ Qxd8 22. Rd2 Qc8 23. h3 {[%cal Gg3g4]} (23. g4 e5 $1) 23... Nd7 24. g4
$14 {and a long defence awaits Black.}) 18. Be3 Rd6 19. Qc2 Qc6+ 20. Kg1 Rxd1+
21. Rxd1 bxa3 {[%cal Ga4c3,Gc3d5] Another concession, freeing the enemy knight,
but Black had good reasons to be afraid that otherwise he would not be able to
hold his position together.} (21... O-O 22. axb4 axb4 23. Rd5 {[%csl Rc5,Re5]}
Qc7 (23... Rc8 24. Qd3 Rc7 25. Nxc5 $1 $18) 24. Qf5 Nf6 (24... Rd8 25. Qd3 {
[%cal Ga4c5]}) 25. Rxe5 Bd6 (25... g6 26. Rxe7 Qxe7 27. Bxc5 Qd8 28. Qc2 Re8
29. Bxb4 $16) 26. Rxc5 Bxc5 27. Nxc5 $14) 22. Nc3 O-O 23. Nd5 Bd6 24. Bc1 $14 {
/+/- Black has nothing to show for his weak points.} Rb8 25. Bxa3 Bf8 26. Nc3
Nf6 27. Bb2 Qe6 28. Nd5 Nxd5 29. cxd5 Qd6 30. Bc3 Rb5 31. Qa2 Qb8 32. d6 Bxd6
33. Qa4 Rb6 34. Bxa5 Rxb3 35. Rxd6 Rb1+ 36. Rd1 c4 37. Qc2 1-0

[Event "EU-Cup 32nd"]
[Site "Novi Sad"]
[Date "2016.11.10"]
[Round "5.2"]
[White "Giri, Anish"]
[Black "Vallejo Pons, Francisco"]
[Result "1-0"]
[WhiteElo "2767"]
[BlackElo "2716"]
[Annotator "Mekhitarian,K"]
[PlyCount "109"]
[EventDate "2016.11.06"]
[EventType "team-swiss"]
[EventRounds "7"]
[EventCountry "SRB"]
[SourceTitle "CBM 176"]
[Source "ChessBase"]
[SourceDate "2017.01.17"]
[SourceVersion "1"]
[SourceVersionDate "2017.01.17"]
[SourceQuality "1"]
[WhiteTeam "Siberia"]
[BlackTeam "Ashdod"]
[WhiteTeamCountry "RUS"]
[BlackTeamCountry "ISR"]

1. Nf3 d5 2. g3 Nf6 3. Bg2 e6 4. O-O c5 5. c4 $5 {Threatening to take on d5
and achieve a good version of the Catalan Opening, or provoking black into
going for a Benoni with reversed colors.} (5. d4 cxd4 6. Nxd4 e5 {is a
different kind of position from what White could have chosen} 7. Nb3 Be6 {
this line is considered to be ok for Black. It is a Grünfeld with reversed
colors, with an additional tempo for White (because Black played e6-e5). But
on the other hand, White had to retreat the knight to b3 (normally Nxc6!
exchanging these knights is the correct reaction, but Black has not yet
developed the knight to c6)}) 5... d4 (5... Nc6 6. cxd5 exd5 (6... Nxd5 7. d4
$14 {and White has an amazing Catalan-type of position; he is certainly
looking for an advantage by opening the centre with his better development}) 7.
d4 $14 {The main line of the Tarrasch Defence, supposed to be always slightly
difficult for Black.}) 6. e3 Nc6 7. exd4 cxd4 8. d3 {This kind of position is
dangerous for Black, White has a lot of initiative. Naturally, if Black
manages to control the position, he may claim an advantage, due to this
spatial advantage. But Giri plays with a lot of energy.} Nd7 9. Re1 Be7 10. Na3
$1 {[%cal Ga3c2]} e5 (10... Bxa3 $6 11. bxa3 O-O 12. a4 $1 $16 {followed by
Ba3, Rb1, Nd2, with excellent play.}) 11. Nc2 a5 12. a3 O-O (12... f6 $5 {
a rather ambitious try from the computer. The idea is simple, Black wants to
play ...Nc5 as soon as possible, trying to stabilise the queenside.} 13. Bd2 $2
{following Giri's idea in the game wouldn't be smart now:} (13. Rb1 a4 14. Bd2
Nc5 15. Bb4 O-O 16. Bxc5 Bxc5 17. b4 axb3 18. Rxb3 $13 {and now White seeks
strong play on the light squares with Nd2, Qe2 (or even Qh5)}) 13... Nc5 $1 $17
{[%csl Rd3]}) 13. Bd2 $1 $146 {Preparing b4.} (13. Rb1 {has been played before,
but since Black's reaction will be most likely ...a4, it is much better to
play Giri's 13.Bd2 since then Pb4 is already supported} a4 14. Bd2 f6 $1 (14...
Bd6 $2 15. Nb4 Ndb8 16. Ng5 $36 {1/2-1/2 (41) Kreisl,R (2400)-Drenchev,P (2499)
Plovdiv 2012}) 15. Nb4 Nc5 $1 $15 {[%cal Gc8f5] and Black is in time to
consolidate a fine position.}) 13... a4 (13... Rb8 $2 14. b4 axb4 15. axb4 b5 {
is a typical reaction, but here Black is not ready} 16. Nh4 $1 {[%csl Rc6]
[%cal Gh4f5]} Qc7 17. Nf5 Bf6 18. cxb5 Rxb5 19. Na3 $1 Rb6 20. b5 $18 {
followed by Ba5, winning the exchange.}) 14. Nb4 $1 {Another typical Benoni
idea.} (14. Bb4 $1 {is also typical and would be very strong.}) 14... Bd6 15.
Ng5 $1 Nc5 16. Ne4 $1 Nb3 $6 {Black goes for an exchange sacrifice to avoid a
passive position.} (16... Nxb4 $6 17. Nxc5 $1 Bxc5 (17... Na6 18. Nxa4 $16) 18.
axb4 Bd6 {is simply horrible for Black} 19. c5 Bc7 20. b5 $1 $18 {winning the
a4-pawn without allowing any blockade on b5.}) (16... Nxe4 $1 {was the best
choice, but White has every reason to feel very happy after the opening} 17.
Bxe4 Bd7 18. Nd5 $14) 17. Nxd6 Qxd6 18. Nxc6 bxc6 19. Bb4 $1 Qf6 (19... c5 {
wouldn't solve Black's problems:} 20. Bxa8 Nxa1 (20... cxb4 21. axb4 Nxa1 22.
Qxa4 $1 $18) 21. Qxa4 $1 $18) 20. Bxf8 Kxf8 (20... Nxa1 21. Bb4 $1 Nb3 22. f4
$18 {[%csl Ge8] followed by Rxe5, with a devastating position}) 21. Rb1 Bf5 22.
Qf3 Re8 23. Rbd1 Re6 {After organizing his own pieces, Giri thinks about
simplifying into a won endgame.} 24. g4 $1 Bg6 25. Qxf6 gxf6 26. Be4 Bxe4 27.
Rxe4 $16 {And the endgame is very difficult for Black.} Nc5 28. Re2 $6 (28.
Ree1 $1 {comparing this with the analysis following Black's 28th move, one can
explain why this is the correct square for the rook.} Re8 29. f4 Ne6 $2 30.
fxe5 $18) 28... Kg7 $6 (28... Re8 $1 {[%cal Gc5e6,Ge6f4,Ge8b8] trying to setup
a strong blockade on f4} 29. f4 (29. Kf1 Ne6 {it doesn't seem easy for White
to create concrete play, maybe c5-Rc1-Rc4} 30. c5 $5 $36) 29... Ne6 $1 (29...
exf4 $2 30. Rxe8+ Kxe8 31. Kf2 $18 {with an easy win}) 30. fxe5 (30. Rf1 $2 {
trying to win the pawn endgame backfires} Nxf4 31. Rxf4 exf4 32. Rxe8+ Kxe8 33.
Kf2 Ke7 34. Kf3 f5 $1 35. gxf5 c5 $1 36. Kxf4 f6 37. Ke4 Kd6 $11) 30... Nf4 $16
{followed by ...fxe5, and Black has a very solid position.}) 29. h4 h5 {
Trying to get active play, but it gives White two important passed pawns on
the h-file.} 30. gxh5 f5 31. f4 $1 {Breaking Black's pawn structure at all
costs.} exf4 (31... e4 $2 {doesn't work since the d4-pawn is hanging} 32. dxe4
fxe4 (32... d3 33. Rg2+ $1 $18 {followed by exf5 or e5}) 33. Rxd4 $18) 32. Rf2
Re5 33. Rxf4 Ne6 34. Rf3 f4 35. Kf2 Rxh5 36. Rg1+ Kf6 37. Rh3 $18 {A move like
Rg8 is threatened; now White is clearly winning.} Rh8 38. h5 Rb8 39. Rb1 Rh8 (
39... Ng5 {wouldn't help} 40. Rh4 Kf5 41. h6 $18) 40. b4 $1 {Creating a second
passed pawn (a very important one!).} axb3 41. Rxb3 Kg7 (41... Nc5 42. Rb6 $18)
42. a4 Re8 43. h6+ Kh7 44. a5 Ng5 45. Rh5 Re5 46. Ra3 $1 {The simplest, now
Black is forced to go into a lost rook endgame.} Ne4+ 47. dxe4 Rxh5 48. a6 d3
49. a7 Rh2+ 50. Ke1 Rh1+ 51. Kd2 Rh2+ 52. Kc3 (52. Kxd3 $4 {it is never late
to go wrong} Rh3+ $19 {[%cal Gh3a3] and Black wins.}) 52... d2 53. Kc2 f3 54.
a8=Q f2 55. Rf3 {A nice win from Giri, showing great energy and initiative in
all three phases of the game. And a reminder that the Benoni is very dangerous
with reversed colors, since White can use that extra tempo to create quick and
strong play against Black, as happened in this game.} 1-0

[Event "Metz op 30th"]
[Site "Metz"]
[Date "2012.04.23"]
[Round "3"]
[White "Feller, Sebastien"]
[Black "Satyapragyan, Swayangsu"]
[Result "1-0"]
[WhiteElo "2644"]
[BlackElo "2432"]
[Annotator "Metz Alekhine/Primel,D"]
[PlyCount "89"]
[EventDate "2012.04.14"]
[EventType "swiss"]
[EventRounds "9"]
[EventCountry "FRA"]
[SourceTitle "EXT 2013"]
[Source "ChessBase"]
[SourceDate "2012.11.22"]
[SourceVersion "1"]
[SourceVersionDate "2012.11.22"]
[SourceQuality "1"]

1. Nf3 Nf6 2. c4 e6 3. g3 d5 4. Bg2 dxc4 5. Qa4+ Nbd7 6. Qxc4 a6 7. Qb3 Rb8 8.
O-O b6 $146 {Un peu passif mais par rapport а la variante b5, les Blancs n'ont
pas la possibilité d'activer la Ra1 avec la prise ab5} (8... b5 9. a4 Bb7 10.
axb5 axb5 11. d3 Bd6 $11 {Bu Xiangzhi (2675)-Ivanchuk,V (2768) FIDE World Cup
2011 (4.1) 1/2}) 9. d3 Bb7 10. Rd1 {[%cal Gd1d8]} c5 (10... Bd6 11. Nc3 O-O)
11. Bf4 $14 Rc8 12. e4 Be7 13. a4 $1 {[%cal Gb1a3,Ga3c4]} O-O 14. Na3 Nh5 15.
Be3 Qc7 16. Nc4 $14 Bc6 17. Qc2 Qb8 18. Rdc1 Ba8 19. a5 b5 20. Nb6 $1 Nxb6 21.
axb6 Bb7 (21... Qxb6 22. b4 $36 {[%cal Ge3b6]}) 22. Qe2 {[%cal Ge2h5]} Nf6 23.
d4 $5 Nd7 (23... Nxe4 {Les compensations du français n'étaient pas trés claires
}) 24. d5 exd5 25. Bf4 Bd6 26. e5 Rce8 (26... Rfe8 {paraissait plus logique})
27. Qc2 Nxe5 28. Nxe5 Bxe5 29. Bxe5 Qxe5 30. Qxc5 Rc8 {illustrant le problème
du 26ème coup} 31. Qa3 $44 {[%csl Ra6,Gb6,Rb7]} f5 (31... Rfe8) 32. Qd3 Kh8 (
32... f4) 33. Re1 Qf6 34. Qe3 d4 $6 (34... f4 $5 {la suite logique de la
poussée f7f5} 35. Qd2 Qxb6 $17) 35. Qe6 Bxg2 36. Kxg2 d3 37. Qxf6 Rxf6 38. b7
Rg8 (38... Rb8 39. Rac1 Rff8 40. Rc7) 39. Re7 $36 Rd6 40. Rc7 d2 41. Rc8 Rb6 (
41... d1=Q 42. Rxd1 Rxd1 43. b8=Q) 42. Rxa6 $1 d1=Q 43. Rxg8+ Kxg8 44. Rxb6
Qd5+ 45. Kh3 1-0

[Event "Metz op 31th"]
[Site "Metz"]
[Date "2013.07.25"]
[Round "8"]
[White "Aguettaz, Maxime"]
[Black "Crut, Aurelien"]
[Result "1-0"]
[WhiteElo "2412"]
[BlackElo "2367"]
[Annotator "Metz Alekhine/Primel,D"]
[PlyCount "83"]
[EventDate "2013.04.20"]
[EventType "swiss"]
[EventRounds "9"]
[EventCountry "FRA"]
[SourceTitle "EXT 2016"]
[Source "ChessBase"]
[SourceDate "2015.10.08"]
[SourceVersion "1"]
[SourceVersionDate "2015.10.08"]
[SourceQuality "1"]
[TimeControl "40/5400:1800+30"]
[WhiteClock "1:30:00"]
[BlackClock "1:30:00"]

1. c4 e6 2. g3 d5 3. Bg2 Nf6 4. Nf3 dxc4 (4... Be7 5. b3 O-O 6. O-O c5 7. e3
Nc6 8. Bb2 d4 9. exd4 cxd4 10. Re1 Bc5 11. d3 Re8 12. a3 a5) 5. Na3 c5 (5...
Bxa3 $142 {Pose plus de problèmes aux Blancs} 6. bxa3 (6. Qa4+ b5 $1 7. Qxa3
Bb7 $13) 6... O-O 7. Qc2 Nc6 8. Bb2 Re8 9. Qxc4 e5 $132) 6. Nxc4 Nc6 7. O-O Be7
8. b3 O-O 9. Bb2 Bd7 10. d4 cxd4 11. Nxd4 Rc8 12. Nb5 Rb8 $5 $146 {Les Noirs
veulent économiser le coup a6 par rapport à la partie de Nikcevic} (12... a6
13. Nbd6 Rc7 (13... Rb8 14. Rc1 Nd5 {Nikcevic,N (2350)-Miranovic,R (2380)
YUG-chT Cetinje 1992 1-0}) 14. e4 {Gordon,S (2535)-Golod,V (2579) Bundesliga
1112 2011 (3.6) 1/2-1/2}) 13. Nbd6 b5 14. Ne5 Nxe5 15. Bxe5 Qb6 16. Ne4 Rbd8
17. Bd4 Qb8 18. Nxf6+ Bxf6 19. Bxf6 gxf6 20. Qd4 $14 {[%csl Rd7,Rf6]} e5 {
Les Noirs veulent activer le Bd7 mais c'est au détriment d'un affaiblissement
de la structure et la Qb8 sera mal placée pour défendre l'aile-roi.} 21. Qh4
$1 Qb6 22. Be4 $1 f5 23. Rad1 $1 Qg6 (23... fxe4 $2 24. Rxd7 Rxd7 25. Qg4+ {
[%cal Gg4d7,Gg4g8]}) 24. Bg2 Qb6 25. Bh3 {[%csl Rf5][%cal Gh4g5]} f6 {[%csl
Re6,Rg6]} 26. e4 Bc8 27. Bxf5 Bxf5 28. exf5 Rd4 29. Rxd4 exd4 30. Rd1 Rd8 31.
Qe4 Qd6 32. Rd3 a6 33. Kg2 a5 34. h4 b4 35. h5 Kf7 36. h6 $1 $36 {[%csl Rf7,
Rg7,Rh7]} Qd5 37. Kf3 {Les Blancs ont une bonne finale} Qxe4+ 38. Kxe4 Re8+ 39.
Kf3 (39. Kxd4 $2 Re2) 39... Rd8 40. g4 Rd7 41. Rd2 $1 {Prive les Noirs de tout
contre-jeu en 17ème rangée} Rc7 42. Ke4 1-0